| 000 | 00753nam a2200241Ia 4500 | ||
|---|---|---|---|
| 003 | OSt | ||
| 005 | 20220925204831.0 | ||
| 006 | a|||||r|||| 00| 0 | ||
| 007 | ta | ||
| 008 | 220923b |||||||| |||| 00| 0 eng d | ||
| 037 | _cGeneral Book | ||
| 040 |
_aRTL _cRTL _beng |
||
| 041 |
_2eng _aeng |
||
| 082 | _aX9(J)ogF.41.N79, K9/SC | ||
| 100 |
_aLUV Nguyen Ngoc _9269102 |
||
| 245 | 0 | _aTechnological development of agriculture in the people's republic of China. | |
| 260 |
_aHague _bInstitute of Social Studies _c1979 |
||
| 300 |
_axi,186p. _ccm. |
||
| 490 | _aResearch report series, No. 5 | ||
| 500 | _aBibliography: P 181 | ||
| 942 |
_hX9(J)ogF.41.N79, K9/SC _cGB _2CC |
||
| 999 |
_c550552 _d550552 |
||